Sports Quiz

Random Sports or NBA Quiz
Score 0/19 Timer 05:00
0 Plays Today
Jersey Number Player % Correct
0Jayson Tatum
98.1%
7Jaylen Brown
97.6%
8Kemba Walker
96.9%
36Marcus Smart
94.8%
20Gordon Hayward
91.3%
11Enes Kanter
86.7%
N/ABryce Brown
85.3%
40Grant Williams
84.3%
44Robert Williams
84.3%
27Daniel Theis
83.5%
Jersey Number Player % Correct
N/ATacko Fall
81.9%
9Brad Wanamaker
73.8%
29Carsen Edwards
72.3%
45Romeo Langford
71.4%
37Semi Ojeleye
65%
51Tremont Waters
56.5%
N/AJavonte Green
47.2%
N/AVincent Poirier
38.2%
N/AMax Strus
15.5%
Remove Ads.
Support Sporcle.
Get the best of Sporcle when you Go Orange. This ad-free experience offers more features, more stats, and more fun while also helping to support Sporcle. Thank you for becoming a member.

You're not logged in!

Compare scores with friends on all Sporcle quizzes.
OR
Log In

Show Comments

Extras

Top Quizzes Today


Score Distribution

Your Account Isn't Verified!

In order to create a playlist on Sporcle, you need to verify the email address you used during registration. Go to your Sporcle Settings to finish the process.

Report this User

Report this user for behavior that violates our Community Guidelines.

Details: